Quizzes
Events
Quiz Creation
Community
Videos
Private Events
Remove Ads
Sign In
Join for FREE
Feedback
Dark Mode
Quiz Categories
Sports
Geography
Music
Movies
Television
Just For Fun
Miscellaneous
History
Literature
Language
Science
Gaming
Entertainment
Religion
Holiday
For Kids
Quiz Lab
Recent
Popular Today
Quiz Kudos Today
Editor Picks
Curator Picks
Quizzes by...
Day
Popularity
Type
Ratings
Length
Year
Community
Subscriptions
Recent Discussions
Orange Saloon
Badges
Playlists
Quests
Create
Leaderboards
Showdown
Live 5
Trivia Bingo
Activity
Puzzle Library
Sporcle Events
Private Events
Virtual Trivia
Globe League
Become a Host
Pub Owners
SporcleCon
Opinionation
Our Games
Videos
Blog
Mobile Apps
Partnerships
Remove Ads and Go Orange
Feedback
Movies
Disney
Marvel Cinematic Universe
Movie Resume
Movie Titles
Oscar
Actor
Actress
Director
Pixar
Role
Movie Quotes
Movie Characters
Box Office
Nominee
Best Picture
Star Wars
James Bond
Horror Movies
Movies
Disney
Marvel Cinematic Universe
Movie Resume
Movie Titles
Oscar
Actor
Actress
Director
Pixar
Role
Movie Quotes
Movie Characters
Box Office
Nominee
Best Picture
Star Wars
James Bond
Horror Movies
Random Quiz
Search Sporcle
×
Quiz Lab
Quiz Lab
Movies
Next
Type in answers that appear in a list
Type in answers that appear in a list
Classic
Best Score? Go Orange.
Teen Movie Chain Stats
Can you name the teen (or 20-ish) movie that shares a word with the next answer?
By
jpgill
8m
44 Questions
296 Plays
296 Plays
296 Plays
Comments
Comments
Give Quiz Kudos
Give Quiz Kudos
-
- Ratings
hide this ad
Replay
Link that replays current quiz
Next Quiz
Link to next quiz in quiz playlist
You Got
0%
They Got
Avg Score
19%
Avg Friend Score
Upgrade to see
Score Distribution
Jump to the score distribution portion of the page
Score
0/44
Timer
08:00
0
Plays Today
Description
Title
% Correct
Sandler acts like a teen, and sings to Drew
Wedding Singer
76.7%
Basketball or singing, what should Zac Efron do?
High School Musical
75.3%
What kind of name is 'McLovin' anyway?
Super Bad
45.6%
Mean Julia Stiles gets wooed by cool Heath Ledger
10 Things I Hate About you
44.3%
Mel Gibson can read his teenage daughter's mind
What Women Want
38.5%
Kate Hudson and Matthew McConaughey teach us what not to do
How to Lose a Guy in 10 Days
38.2%
Jeff Spicoli and Mr. Hand in the all-
time teen classic
Fast Times at Ridgemont High
37.2%
Jennifer Love Hewitt is stalked for a fatal hit-
n-
run
I Know What You Did Last Summer
34.5%
Freddie Prize jr. gives Rache Leigh Cook a makeover
She's All That
33.4%
Jesse Eisenberg falls for Kristen Stewart
Adventureland
29.1%
Vincent Chase dates Sabrina the teenage witch
Drive Me Crazy
27.7%
Teen air guitarists give a history rpesentation
Bill and Ted's Excellent Adventure
27%
Popular girl, Hayden Panetteire is adored by a nerd
I Love You Beth Cooper
25%
Sarah Jessica Parker and Helen Hunt are dancing teens
Girls Just Want to have Fun
24%
Corey Haim and Corey Feldman learn to operate a car
License to Drive
22%
Brandon Frazier and his teen son go way way underground
Journey to the Center of the Earth
21.3%
Teen star Mandy Moore decides to marry
License to Wed
19.6%
Jonathan Taylor Thomas races home for the holidays
I'll Be Home for Christmas
19.3%
Natalie Portman is a pregnant teen in Oklahoma
Where the Heart Is
18.9%
Liv Tyler is the biggest fan of the 'one hit' WONDERS
That Thing You Do
18.9%
Geena Davis shows some aliens the dating scene of the 1980's
Earth Girls are Easy
15.2%
former teen, Rob Lowe dates Demi Moore
About Last Night
13.5%
Description
Title
% Correct
Courtney Thorne Smith as an under-
achieving student
Summer School
13.2%
Jay Baruchel goes way above his dating status
She's Out of My League
12.8%
Teen idol Anna Faris is in a love triangle with 'Suoer Uma'
My Super Ex-Girlfriend
11.8%
Teen air guitarists battle the grim reaper
Bill and Ted's Bogus Journey
11.8%
Kristen Stewart in a love triangle with mom, Meg Ryan
In the Land of Women
11.8%
Cusack befriends Demi way before she met Bruce
One Crazy Summer
11.1%
1990's red-
headed 'teen queen' marries
Betsy's Wedding
10.1%
Cybil Shepherd is a teen beauty in Texas
The Last Picture Show
9.8%
Sean Penn goes to juvie and leaves Ally behind
Bad Boys
8.1%
Sidney Poitier teaches tough British teens
To Sir With Love
8.1%
Robin Williams and Kurt Russel re-
live HS football
The Best of Times
7.4%
Parents found it offensive, but teens found these puppets hilaroius
Team America: World Police
7.4%
Connie Francis is looking for love during Spring Break
Where the Boys Are
6.8%
Lisa Bonet is a wild New Orleans voodoo teen
Angel Heart
6.8%
teenager, Ethan Embry helps his divorced parents re-
unite at the holidays
All I want for Christmas
6.1%
John Cusack, Charlie Sheen and D.B. Sweeney when they were young
Eight Men Out
4.7%
Keri Russel is adored by her next door neighbor
Eight Days a Week
2.4%
Phoebe Cates in a love triangle with a 'heavenly visitor'
Date with an Angel
1.7%
Long before Twilight teens grew fangs
My Best Friend is a Vampire
0.7%
Ethan Hawke has a fun time with a credit card
Mystery Date
0.7%
Danny Glover plays a 'Scooby Doo' type detective
Mystery Team
0.7%
teenage friends from Cleveland move to NYC. (with Colin Farrell)
A Home at the End of the World
0.7%
Quiz Playlist
Details
Report
Send in Message
Add To Playlist
Classic:
Type in answers that appear in a list
Last Updated: Feb 16, 2017
Quiz Scoreboard
CHALLENGE
Sign Up to Join the Scoreboard
Show All
Scores
Hide
Comments
May contain spoilers
Recently Published
Women Country Music Singer Match-Up
by babymonkee
Music
5m
TV Characters by Other Roles V
by ghcgh
Television
5m
Decade Duel: World Leaders
by jenniferyan
History
4m
More to Explore
Quiz From the Vault
Featured Blog Post
15 Basketball Trivia Facts You Can Be March Mad About
hide this ad
You Might Also Like...
Tags
description
Next
share
teen
Today's Top Quizzes in Movies
Browse Movies
hide this ad
Today's Top Quizzes in Next
Browse Next
Top Contributed Quizzes in Movies
1
Pick 6: Harry Potter
2
Pick 6: Movie Franchises
3
Pick 6: Actors
4
Pick 6: Actresses
5
Pick 6: Disney Princesses
6
Decade Duel: Best Picture Winner
7
Movies of the Seasons
8
Decade Duel: Disney Animated Movies
9
Match The President To The Fictional Crisis
10
Movie Seasons
Explore More
Trending Topics
Marvel
NBA
Harry Potter
Anime
Disney
Crossword
Kpop
Country
Soccer
Song
The Office
Puzzle
NFL
Pokémon
WWE
hide this ad
More By:
jpgill
Quiz
Plays
Rating
Category
Featured
Created
Actors Who Died Early
441
4.00
Entertainment
Nov 21, 2010
Teen Movie Chain
296
3.25
Movies
Dec 16, 2010
Alphabet T V
265
3.00
Television
Dec 1, 2010
TV to Theater
201
3.67
Movies
Nov 2, 2010
Fictitious Movie Athletes
170
1.40
Sports
Nov 24, 2010
Go to Creator's Profile
Score Distribution
Quiz Creator Spotlight
jpgill
Follow
Send a Message
Quizzes Created
-
Created Quiz Play Count
-
More By This Creator
Popular Quizzes Today
1
Countries of Asia Without Outlines Minefield
2
Find the US States - No Outlines Minefield
3
Pick 6: Fruits
4
The Countries of the World
5
Find the Countries of Europe - No Outlines Minefield
6
Alphabetical 'K' Countries by Flag Minefield
7
Find the US States
8
US States
More Movies Quizzes
Marvel Infinity Saga Reveal
Editor's Pick
Trending Quizzes
Pick 6: Mountains
Pick 6: Harry Potter
Pick 6: NFL Teams
Pick 6: Flags
C Names for Actors
Recently Updated
Adaptations: Name the Title
pecheneg
NWSL Teams
pecheneg
Women's Final Four Teams by Year
bhenderson79
Presidents Quartet II
eogle
Anything But Clue(do)
eogle
Anything But Oceanian Capitals
eogle
Anything But 7
eogle
Anything But Thing
eogle
Word Ladder: February 29
pecheneg
Song Title Questions
pecheneg
Trending Topics
Crossword
Anime
Disney
Kpop
NBA
Harry Potter
Marvel
Puzzle
NFL
Pokémon
The Office
WWE
Soccer
Country
Song
Your Account Isn't Verified!
In order to create a playlist on Sporcle, you need to verify the email address you used during registration. Go to your
Sporcle Settings
to finish the process.
Report this User
Report this user for behavior that violates our
Community Guidelines
.
Details:
Send Report
Go to the Sporcle.com Mobile Site →
Comments